[Event "Heusenstamm Schloss op"]
[Site "Heusenstamm"]
[Date "2023.11.25"]
[Round "5"]
[White "Burlutskaia, Maria"]
[Black "Drewes, Thomas"]
[Result "1-0"]
[WhiteElo "1797"]
[BlackElo "1631"]
[PlyCount "29"]
[EventDate "2023.11.23"]
[EventType "swiss"]
[EventRounds "7"]
[EventCountry "GER"]
[SourceTitle "CB50_2023"]
[SourceDate "2023.12.13"]
[SourceVersion "1"]
[SourceVersionDate "2023.12.13"]
[SourceQuality "1"]

1. e4 d6 2. d4 Nf6 3. Nc3 e5 4. dxe5 dxe5 5. Qxd8+ Kxd8 6. Nf3 Bd6 7. Bg5 Be6 8. 0-0-0 Nbd7 9. Bb5 a6 10. Bxd7 Bxd7 11. Nd5 Be7 12. Nxe7 Kxe7 13. Nxe5 Rad8 14. Nxd7 Rxd7 15. e5 1-0

[Event "Schweinfurt op 29th"]
[Site "Schweinfurt"]
[Date "2019.06.21"]
[Round "3"]
[White "Althaus, Lennart"]
[Black "Drewes, Thomas"]
[Result "1-0"]
[WhiteElo "1549"]
[BlackElo "1740"]
[PlyCount "67"]
[EventDate "2019.06.20"]
[EventType "swiss"]
[EventRounds "7"]
[EventCountry "GER"]
[SourceTitle "CBM 191 Extra"]
[Source "ChessBase"]
[SourceDate "2019.09.30"]
[SourceVersion "1"]
[SourceVersionDate "2019.09.30"]
[SourceQuality "1"]

1. c4 Nf6 2. Nc3 c6 3. d4 d5 4. Nf3 dxc4 5. e3 b5 6. a4 b4 7. Ne2 Bg4 8. Nf4 c3 9. bxc3 bxc3 10. Be2 Qa5 11. Qc2 e6 12. 0-0 Nbd7 13. Ba3 Bf5 14. Bd3 Bxa3 15. Rxa3 Bxd3 16. Qxd3 Nd5 17. Ne2 c5 18. Nxc3 Nxc3 19. Qxc3 Qxc3 20. Rxc3 cxd4 21. Nxd4 0-0 22. Rc7 Nb6 23. a5 Nd5 24. Rb7 Rfc8 25. a6 e5 26. Nb5 Rc6 27. Ra1 Rac8 28. h3 Rc1+ 29. Rxc1 Rxc1+ 30. Kh2 g6 31. Rxa7 Ra1 32. Ra8+ Kg7 33. a7 Nb6 34. Rb8 1-0

[Event "Schweinfurt op 29th"]
[Site "Schweinfurt"]
[Date "2019.06.20"]
[Round "1"]
[White "Bussard, Christian"]
[Black "Drewes, Thomas"]
[Result "1-0"]
[WhiteElo "2285"]
[BlackElo "1740"]
[PlyCount "85"]
[EventDate "2019.06.20"]
[EventType "swiss"]
[EventRounds "7"]
[EventCountry "GER"]
[SourceTitle "CBM 191 Extra"]
[Source "ChessBase"]
[SourceDate "2019.09.30"]
[SourceVersion "1"]
[SourceVersionDate "2019.09.30"]
[SourceQuality "1"]

1. e4 e5 2. Nf3 d6 3. d4 exd4 4. Qxd4 a6 5. Bf4 Nc6 6. Qe3 Nf6 7. Nc3 Be6 8. 0-0-0 Qc8 9. h3 Be7 10. g4 0-0 11. Bg2 Nd7 12. Bg3 Nde5 13. Nd2 Nc4 14. Nxc4 Bxc4 15. Kb1 f6 16. Nd5 Re8 17. Rhe1 Bf8 18. Qc3 Bxd5 19. Rxd5 a5 20. Bf1 Kh8 21. Bb5 a4 22. a3 Re7 23. Bxc6 bxc6 24. Qxc6 Ra6 25. Qc3 Qb7 26. Rd4 Re8 27. Rb4 Qa7 28. Rc4 c5 29. Ka2 Qb7 30. f3 d5 31. exd5 Rxe1 32. Qxe1 Qxd5 33. Qe4 Qxe4 34. Rxe4 Kg8 35. f4 Kf7 36. f5 Be7 37. Kb1 Ke8 38. Kc1 Kd7 39. Kd2 Bd6 40. Re6 Rc6 41. Rxd6+ Rxd6+ 42. Bxd6 Kxd6 43. b3 1-0

[Event "Regionalliga Nord-West 1819"]
[Site "Bayern"]
[Date "2019.02.03"]
[Round "6.8"]
[White "Schulz, Reiner"]
[Black "Drewes, Thomas"]
[Result "1/2-1/2"]
[WhiteElo "1706"]
[BlackElo "1665"]
[PlyCount "124"]
[EventDate "2018.10.21"]
[EventType "team-tourn"]
[EventRounds "9"]
[EventCountry "GER"]
[SourceTitle "EXT 2022"]
[Source "ChessBase"]
[SourceDate "2021.10.06"]
[SourceVersion "1"]
[SourceVersionDate "2021.10.06"]
[SourceQuality "1"]
[WhiteTeam "Hoechstadt/Aisch"]
[BlackTeam "Wuerzburg II"]
[WhiteTeamCountry "GER"]
[BlackTeamCountry "GER"]

1. d4 d5 2. c4 c6 3. Nf3 Nf6 4. Nc3 dxc4 5. a4 Bf5 6. e3 e6 7. Bxc4 a5 8. 0-0 Be7 9. Bd2 Na6 10. Re1 Ne4 11. Nxe4 Bxe4 12. Bc3 Bf6 13. Nd2 Bd5 14. e4 Bxc4 15. Nxc4 0-0 16. Nxa5 Qc7 17. Nc4 c5 18. d5 Bxc3 19. bxc3 Rad8 20. d6 Qc6 21. e5 Nc7 22. Ne3 f6 23. Qg4 f5 24. Qc4 Nd5 25. Nxd5 exd5 26. Qb5 Qxb5 27. axb5 Rfe8 28. Kf1 Kf7 29. b6 Ke6 30. f4 Kd7 31. Ra5 Kc6 32. Rb1 Ra8 33. Ra7 Rab8 34. Kf2 g5 35. g3 g4 36. Ke3 h5 37. Ra5 Ra8 38. Ra7 Rab8 39. Kd3 Rh8 40. Ra5 Ra8 41. Ra7 Rab8 42. c4 d4 43. Rb5 Ra8 44. d7 Rab8 45. e6 Kd6 46. Raa5 Kxe6 47. Rxc5 Kxd7 48. Rxf5 h4 49. Rad5+ Ke6 50. Rfe5+ Kf6 51. Rd6+ Kf7 52. Rd7+ Kf6 53. Ree7 hxg3 54. hxg3 Rh3 55. Rxb7 Rxb7 56. Rxb7 Rxg3+ 57. Kxd4 Rf3 58. Ke4 Rc3 59. Rc7 g3 60. b7 Rb3 61. Rc6+ Kf7 62. Rc7+ Kf6 1/2-1/2

[Event "Unterfranken-ch69 M2"]
[Site "Schweinfurt"]
[Date "2018.04.06"]
[Round "8"]
[White "Drewes, Thomas"]
[Black "Gehrig, Thomas"]
[Result "0-1"]
[WhiteElo "1792"]
[BlackElo "2066"]
[PlyCount "60"]
[EventDate "2018.04.02"]
[EventType "swiss"]
[EventRounds "9"]
[EventCountry "GER"]
[SourceTitle "EXT 2019"]
[Source "ChessBase"]
[SourceDate "2018.10.10"]
[SourceVersion "1"]
[SourceVersionDate "2018.10.10"]
[SourceQuality "1"]

1. d4 Nf6 2. Bf4 d5 3. e3 e6 4. Nf3 c5 5. c3 Be7 6. Bd3 Nc6 7. Ne5 Bd7 8. Nd2 c4 9. Bc2 b5 10. Nxc6 Bxc6 11. a3 a5 12. 0-0 0-0 13. Qf3 b4 14. axb4 axb4 15. e4 b3 16. Rxa8 Qxa8 17. Bb1 Nxe4 18. Nxe4 dxe4 19. Qe2 Bd5 20. g4 f5 21. g5 Qe8 22. h4 Qd8 23. Qh5 g6 24. Qe2 h6 25. Qe3 Kh7 26. Kg2 h5 27. Kg3 Qd7 28. Rd1 Qc6 29. Be5 f4+ 30. Bxf4 Rxf4 0-1

[Event "Unterfranken-ch69 M2"]
[Site "Schweinfurt"]
[Date "2018.04.05"]
[Round "6"]
[White "Drewes, Thomas"]
[Black "Ullrich, Daniel"]
[Result "1/2-1/2"]
[WhiteElo "1792"]
[BlackElo "1691"]
[PlyCount "56"]
[EventDate "2018.04.02"]
[EventType "swiss"]
[EventRounds "9"]
[EventCountry "GER"]
[SourceTitle "EXT 2019"]
[Source "ChessBase"]
[SourceDate "2018.10.10"]
[SourceVersion "1"]
[SourceVersionDate "2018.10.10"]
[SourceQuality "1"]

1. d4 d5 2. Bf4 Bf5 3. e3 Nf6 4. c4 c6 5. Nc3 e6 6. Nf3 Nbd7 7. Qb3 Qb6 8. c5 Qxb3 9. axb3 Be7 10. h3 h6 11. Be2 0-0 12. 0-0 Ne4 13. Nxe4 Bxe4 14. Nd2 Bg6 15. Nf3 Bf6 16. b4 a6 17. Ra3 Rfe8 18. Ne5 Nxe5 19. Bxe5 Bxe5 20. dxe5 Rad8 21. Rd1 Re7 22. Bd3 Kh7 23. Bxg6+ Kxg6 24. e4 Red7 25. Rg3+ Kh7 26. Rgd3 g6 27. f4 Kg7 28. g4 Re7 1/2-1/2

[Event "Unterfranken-ch69 M2"]
[Site "Schweinfurt"]
[Date "2018.04.04"]
[Round "5"]
[White "Heller, Thomas"]
[Black "Drewes, Thomas"]
[Result "1-0"]
[WhiteElo "1775"]
[BlackElo "1792"]
[PlyCount "73"]
[EventDate "2018.04.02"]
[EventType "swiss"]
[EventRounds "9"]
[EventCountry "GER"]
[SourceTitle "EXT 2019"]
[Source "ChessBase"]
[SourceDate "2018.10.10"]
[SourceVersion "1"]
[SourceVersionDate "2018.10.10"]
[SourceQuality "1"]

1. d4 d5 2. Nf3 Nf6 3. c3 Bf5 4. Bf4 e6 5. Qb3 Qc8 6. Nbd2 Nbd7 7. h3 h6 8. e3 Be7 9. Be2 0-0 10. g4 Bg6 11. Nh4 Nh7 12. Nxg6 fxg6 13. Bd3 g5 14. Bg3 Nb6 15. 0-0-0 Qd7 16. Rhf1 Bd6 17. Qc2 Nf6 18. f4 Qa4 19. Qb1 gxf4 20. Bxf4 Bxf4 21. Rxf4 Qc6 22. Rdf1 Qd6 23. Bg6 e5 24. dxe5 Qxe5 25. Qd3 c5 26. Nf3 Qe7 27. Re1 Nfd7 28. Rf5 Rxf5 29. Bxf5 Nf6 30. h4 Rd8 31. g5 hxg5 32. Nxg5 Qe5 33. Be6+ Kf8 34. Qg6 Qc7 35. Rf1 Nc8 36. h5 Nd6 37. h6 1-0

[Event "Forchheim op-B 15th"]
[Site "Forchheim"]
[Date "2016.10.01"]
[Round "1"]
[White "Glueck, Ulrich"]
[Black "Drewes, Thomas"]
[Result "1/2-1/2"]
[WhiteElo "1743"]
[BlackElo "1824"]
[PlyCount "87"]
[EventDate "2016.10.01"]
[EventType "swiss"]
[EventRounds "5"]
[EventCountry "GER"]
[SourceTitle "EXT 2019"]
[Source "ChessBase"]
[SourceDate "2018.10.10"]
[SourceVersion "1"]
[SourceVersionDate "2018.10.10"]
[SourceQuality "1"]

1. d4 d5 2. c4 c6 3. Nc3 Nf6 4. Qc2 g6 5. cxd5 cxd5 6. e4 Nc6 7. e5 Ne4 8. Be3 Nxc3 9. Qxc3 e6 10. a3 Bd7 11. Nf3 Rc8 12. Bb5 Nxe5 13. Bxd7+ Nxd7 14. Qb3 Qb6 15. Qxb6 Nxb6 16. Rc1 Rxc1+ 17. Bxc1 Be7 18. Bh6 f6 19. Bd2 Kd7 20. Ke2 Rc8 21. Rc1 Rxc1 22. Bxc1 Nc4 23. Nd2 Kc6 24. Kd3 Nxd2 25. Bxd2 Kb5 26. g4 Ka4 27. Kc2 b5 28. Bc1 Ka5 29. b3 a6 30. Bd2+ Kb6 31. Bc1 Kc6 32. Kc3 e5 33. f3 Bd6 34. h3 Kd7 35. a4 bxa4 36. bxa4 exd4+ 37. Kxd4 Kc6 38. Bd2 Be5+ 39. Kd3 Kc5 40. f4 Bb2 41. f5 Kd6 42. Bf4+ Be5 43. Be3 gxf5 44. gxf5 1/2-1/2

[Event "Schweinfurt op 26th"]
[Site "Schweinfurt"]
[Date "2016.05.29"]
[Round "6"]
[White "Drewes, Thomas"]
[Black "Langguth, Rolf"]
[Result "0-1"]
[WhiteElo "1844"]
[BlackElo "1921"]
[PlyCount "62"]
[EventDate "2016.05.26"]
[EventType "swiss"]
[EventRounds "7"]
[EventCountry "GER"]
[SourceTitle "CBM 172 Extra"]
[Source "ChessBase"]
[SourceDate "2016.06.21"]
[SourceVersion "1"]
[SourceVersionDate "2016.06.21"]
[SourceQuality "1"]

1. d4 Nf6 2. Bg5 d5 3. Nd2 Bf5 4. Ngf3 Nbd7 5. e3 h6 6. Bh4 e6 7. Ne5 Be7 8. c4 0-0 9. cxd5 exd5 10. Be2 c6 11. 0-0 Nxe5 12. dxe5 Nd7 13. Bxe7 Qxe7 14. f4 f6 15. e4 dxe4 16. Qb3+ Kh8 17. exf6 Nxf6 18. Rac1 Be6 19. Bc4 Bd5 20. Rc3 Qc5+ 21. Kh1 Ng4 22. h3 Nf2+ 23. Kh2 Qd4 24. Qc2 Rxf4 25. Nf3 exf3 26. Bxd5 fxg2 27. Bxg2 Raf8 28. Qe2 Qf6 29. Re1 Qh4 30. Rg3 h5 31. Kg1 Qxg3 0-1

[Event "Schweinfurt op 26th"]
[Site "Schweinfurt"]
[Date "2016.05.28"]
[Round "4"]
[White "Drewes, Thomas"]
[Black "Blank, Stefan"]
[Result "1/2-1/2"]
[WhiteElo "1844"]
[BlackElo "1821"]
[PlyCount "138"]
[EventDate "2016.05.26"]
[EventType "swiss"]
[EventRounds "7"]
[EventCountry "GER"]
[SourceTitle "CBM 172 Extra"]
[Source "ChessBase"]
[SourceDate "2016.06.21"]
[SourceVersion "1"]
[SourceVersionDate "2016.06.21"]
[SourceQuality "1"]

1. d4 Nf6 2. Bg5 Ne4 3. Bf4 d6 4. f3 Nf6 5. e4 g6 6. Bd3 Bg7 7. Ne2 0-0 8. c3 Nbd7 9. 0-0 Nh5 10. Bd2 c6 11. Na3 b5 12. Nc2 a5 13. Nf4 Nxf4 14. Bxf4 e5 15. Be3 Nb6 16. Qd2 f5 17. Bh6 f4 18. Bxg7 Kxg7 19. b3 h5 20. Rfd1 Be6 21. Bf1 a4 22. dxe5 dxe5 23. Qf2 Qc7 24. b4 Bc4 25. Na3 Bxf1 26. Kxf1 Nd7 27. Rd3 Nf6 28. Rad1 Rad8 29. Qd2 Rxd3 30. Qxd3 Rf7 31. Qd6 Rd7 32. Qxc7 Rxc7 33. c4 bxc4 34. Nxc4 Nd7 35. a3 g5 36. h3 Kf7 37. Rd6 Ke7 38. Rg6 c5 39. b5 Rb7 40. b6 Kf7 41. Rxg5 Kf6 42. Rxh5 Kg6 43. Rh8 Nxb6 44. Nxe5+ Kf6 45. Nd3 c4 46. Nb4 Ke5 47. Rd8 Rd7 48. Rxd7 Nxd7 49. Ke2 Kd4 50. Kd2 Ne5 51. Nd5 c3+ 52. Kc2 Nc4 53. Nxc3 Nxa3+ 54. Kb2 Nc4+ 55. Ka2 Kxc3 56. h4 Ne3 57. h5 Nxg2 58. h6 Nh4 59. e5 Kd4 60. e6 Ng6 61. h7 Ke3 62. h8Q Nxh8 63. e7 Kxf3 64. e8Q Kf2 65. Qxh8 f3 66. Qh2+ Kf1 67. Ka3 f2 68. Kxa4 Ke1 69. Qe5+ Kf1 1/2-1/2

[Event "Regionalliga NW 1314"]
[Site "Bayern"]
[Date "2014.04.06"]
[Round "9.8"]
[White "Drewes, Thomas"]
[Black "Kuespert, Helmut"]
[Result "1/2-1/2"]
[WhiteElo "1702"]
[BlackElo "1850"]
[PlyCount "53"]
[EventDate "2013.10.13"]
[EventType "team-tourn"]
[EventRounds "9"]
[EventCountry "GER"]
[SourceTitle "EXT 2015"]
[Source "ChessBase"]
[SourceDate "2014.11.20"]
[SourceVersion "1"]
[SourceVersionDate "2014.11.20"]
[SourceQuality "1"]
[WhiteTeam "Wuerzburg II"]
[BlackTeam "Marktleuthen"]
[WhiteTeamCountry "GER"]
[BlackTeamCountry "GER"]

1. d4 Nf6 2. c4 c5 3. d5 b5 4. b3 g6 5. Bb2 Bg7 6. f3 0-0 7. e4 d6 8. cxb5 a6 9. Nc3 axb5 10. Nxb5 Ba6 11. a4 Nbd7 12. Bc4 Ne8 13. Bxg7 Kxg7 14. Ne2 Nc7 15. Nec3 f6 16. 0-0 Bxb5 17. Bxb5 Nxb5 18. Nxb5 Qb6 19. Kh1 Qb7 20. f4 Rab8 21. h4 Rbc8 22. Rc1 Qa8 23. Rf3 Qb7 24. Rg3 f5 25. Qd3 fxe4 26. Qxe4 Nf6 27. Qd3 1/2-1/2

[Event "Regionalliga NW 1314"]
[Site "Bayern"]
[Date "2014.02.23"]
[Round "7.7"]
[White "Drewes, Thomas"]
[Black "Federschmidt, Ralf"]
[Result "1/2-1/2"]
[WhiteElo "1702"]
[BlackElo "1833"]
[PlyCount "59"]
[EventDate "2013.10.13"]
[EventType "team-tourn"]
[EventRounds "9"]
[EventCountry "GER"]
[SourceTitle "EXT 2015"]
[Source "ChessBase"]
[SourceDate "2014.11.20"]
[SourceVersion "1"]
[SourceVersionDate "2014.11.20"]
[SourceQuality "1"]
[WhiteTeam "Wuerzburg II"]
[BlackTeam "Bad Neustadt"]
[WhiteTeamCountry "GER"]
[BlackTeamCountry "GER"]

1. d4 d5 2. Nf3 Nf6 3. c4 c6 4. Nc3 e6 5. e3 Be7 6. Qc2 0-0 7. Bd3 h6 8. 0-0 Na6 9. a3 Nc7 10. b4 Nd7 11. e4 dxc4 12. Bxc4 Nb6 13. Bb3 a5 14. bxa5 Rxa5 15. Bb2 Bd7 16. Ne5 Qa8 17. Qc1 Nb5 18. Nxb5 Rxb5 19. Bd1 Rd8 20. Bc3 Bd6 21. a4 Ra5 22. Bxa5 Qxa5 23. Nxd7 Rxd7 24. Bb3 Bb4 25. Rd1 Bc3 26. Ra2 Bxd4 27. Kh1 c5 28. g3 Qb4 29. Qb1 Qc3 30. Rd3 1/2-1/2

[Event "Regionalliga NW 1314"]
[Site "Bayern"]
[Date "2013.10.13"]
[Round "1.8"]
[White "Boelle, Boris"]
[Black "Drewes, Thomas"]
[Result "1-0"]
[WhiteElo "1871"]
[BlackElo "1702"]
[PlyCount "117"]
[EventDate "2013.10.13"]
[EventType "team-tourn"]
[EventRounds "9"]
[EventCountry "GER"]
[SourceTitle "EXT 2015"]
[Source "ChessBase"]
[SourceDate "2014.11.20"]
[SourceVersion "1"]
[SourceVersionDate "2014.11.20"]
[SourceQuality "1"]
[WhiteTeam "Hof"]
[BlackTeam "Wuerzburg II"]
[WhiteTeamCountry "GER"]
[BlackTeamCountry "GER"]

1. d4 d5 2. Nf3 Nf6 3. c4 e6 4. e3 c6 5. Be2 Bd6 6. Nc3 0-0 7. 0-0 Nbd7 8. Qc2 Qe7 9. e4 dxe4 10. Nxe4 Nxe4 11. Qxe4 Nf6 12. Qh4 Ne8 13. Bg5 f6 14. Bd3 g6 15. Bh6 Rf7 16. Rfe1 Ng7 17. Bxg7 Rxg7 18. c5 Bc7 19. Bc4 Kh8 20. b4 Bd7 21. Qe4 Re8 22. Re2 Qf8 23. Rae1 Rge7 24. Qd3 g5 25. Qb3 g4 26. Nd2 Qh6 27. g3 f5 28. d5 cxd5 29. Bxd5 f4 30. gxf4 Bxf4 31. Nf1 e5 32. Ng3 Be6 33. Bxe6 Qxe6 34. Qxe6 Rxe6 35. Nh5 Rf8 36. Re4 Rh6 37. Ng3 Ra6 38. R4e2 Ra4 39. Rb2 Rd8 40. Nf5 Rd7 41. Ree2 Ra3 42. Rec2 Rh3 43. Ng3 h5 44. b5 h4 45. Nf1 Rhd3 46. c6 Rc7 47. Rb4 Rd6 48. Rbc4 b6 49. R2c3 Rd1 50. h3 g3 51. fxg3 hxg3 52. Kg2 Ra1 53. Nxg3 Rxa2+ 54. Kf3 Bxg3 55. Kxg3 Rb2 56. Rd3 Rxb5 57. Rd7 Rc8 58. c7 Rg8+ 59. Kh4 1-0

[Event "Unterfranken-ch M2 63th"]
[Site "Schweinfurt"]
[Date "2012.04.09"]
[Round "1"]
[White "Bauer, Ottmar"]
[Black "Drewes, Thomas"]
[Result "1-0"]
[WhiteElo "1789"]
[BlackElo "1741"]
[PlyCount "79"]
[EventDate "2012.04.09"]
[EventType "swiss"]
[EventRounds "9"]
[EventCountry "GER"]
[SourceTitle "EXT 2015"]
[Source "ChessBase"]
[SourceDate "2014.11.20"]
[SourceVersion "1"]
[SourceVersionDate "2014.11.20"]
[SourceQuality "1"]

1. e4 e5 2. Nf3 d6 3. d4 exd4 4. Nxd4 Nf6 5. Nc3 Be7 6. Bd3 0-0 7. 0-0 a6 8. a3 c5 9. Nde2 Nc6 10. Nf4 Bd7 11. f3 Re8 12. Be3 Ne5 13. Be2 Bc6 14. Qd2 Qc7 15. Rfd1 Red8 16. Nfd5 Nxd5 17. Nxd5 Bxd5 18. Qxd5 Qc6 19. f4 Qxd5 20. Rxd5 Nd7 21. Bf3 Nb6 22. Rdd1 Nc4 23. Bc1 a5 24. Rb1 Nb6 25. b3 Ra7 26. Bb2 Nd7 27. c4 f6 28. Rd2 Nb8 29. Rbd1 Nc6 30. e5 fxe5 31. Bxc6 bxc6 32. fxe5 Rb8 33. exd6 Bg5 34. Rd3 Rab7 35. d7 Bd8 36. Be5 Ra8 37. Rf1 Raa7 38. Bd6 h6 39. Rf8+ Kh7 40. Rxd8 1-0

[Event "Unterfranken-ch M2 62th"]
[Site "Gerolzhofen"]
[Date "2011.04.28"]
[Round "6"]
[White "Simons, Joerg"]
[Black "Drewes, Thomas"]
[Result "1/2-1/2"]
[WhiteElo "1875"]
[BlackElo "1767"]
[PlyCount "91"]
[EventDate "2011.04.25"]
[EventType "swiss"]
[EventRounds "9"]
[EventCountry "GER"]
[SourceTitle "EXT 2015"]
[Source "ChessBase"]
[SourceDate "2014.11.20"]
[SourceVersion "1"]
[SourceVersionDate "2014.11.20"]
[SourceQuality "1"]

1. e4 e5 2. Nf3 d6 3. d4 exd4 4. Nxd4 Nf6 5. Nc3 Be7 6. Be2 0-0 7. 0-0 Re8 8. Re1 Nbd7 9. f4 Bf8 10. Bf3 a6 11. Be3 Nb6 12. Qe2 c5 13. Nb3 Be6 14. Rad1 Qc7 15. f5 Bc4 16. Qf2 Nbd7 17. Nd2 Bb5 18. Nd5 Nxd5 19. exd5 Ne5 20. Be4 Ng4 21. Qh4 Nxe3 22. Rxe3 f6 23. Rh3 h6 24. c4 Bd7 25. Qg4 Kh8 26. Nf3 Re7 27. Nh4 Be8 28. Qf4 b5 29. g4 Qd8 30. Nf3 Kg8 31. Kh1 bxc4 32. Rg1 Rb8 33. g5 fxg5 34. Rxg5 hxg5 35. Nxg5 Rxe4 36. Nxe4 Rxb2 37. f6 Qa5 38. Qh4 Rb1+ 39. Kg2 Qxa2+ 40. Nf2 Bg6 41. f7+ Kxf7 42. Rf3+ Kg8 43. Qg4 Rb3 44. Qe6+ Kh7 45. Qh3+ Kg8 46. Qe6+ 1/2-1/2

[Event "Unterfranken-ch M2 62th"]
[Site "Gerolzhofen"]
[Date "2011.04.27"]
[Round "4"]
[White "Drewes, Thomas"]
[Black "Hilgert, Richard"]
[Result "1/2-1/2"]
[WhiteElo "1767"]
[BlackElo "1773"]
[PlyCount "80"]
[EventDate "2011.04.25"]
[EventType "swiss"]
[EventRounds "9"]
[EventCountry "GER"]
[SourceTitle "EXT 2015"]
[Source "ChessBase"]
[SourceDate "2014.11.20"]
[SourceVersion "1"]
[SourceVersionDate "2014.11.20"]
[SourceQuality "1"]

1. d4 Nf6 2. Nf3 g6 3. c4 Bg7 4. g3 d6 5. Bg2 c6 6. Nc3 Bf5 7. 0-0 0-0 8. Re1 Ne4 9. Ng5 Nxg5 10. Bxg5 h6 11. Bc1 Qb6 12. e3 Na6 13. Na4 Qd8 14. e4 Bd7 15. Be3 Rb8 16. c5 dxc5 17. dxc5 e5 18. Qd2 Kh7 19. Rad1 Be6 20. Qc3 Qe7 21. b3 Rfd8 22. Kf1 Rxd1 23. Rxd1 Rd8 24. Rxd8 Qxd8 25. Ke1 Nc7 26. Bf1 Bg4 27. Qd2 Qxd2+ 28. Kxd2 Bf3 29. Nc3 Ne6 30. Bd3 Bf8 31. b4 Be7 32. Be2 Bxe2 33. Nxe2 a5 34. a3 axb4 35. axb4 Nc7 36. Kc3 Nb5+ 37. Kb3 Bd8 38. Nc3 Nxc3 39. Kxc3 h5 40. h3 Kg7 1/2-1/2

[Event "Unterfranken-ch M2 61th"]
[Site "Kitzingen"]
[Date "2010.04.09"]
[Round "7"]
[White "Heerlein, Gerd"]
[Black "Drewes, Thomas"]
[Result "0-1"]
[WhiteElo "1755"]
[BlackElo "1756"]
[PlyCount "118"]
[EventDate "2010.04.05"]
[EventType "swiss"]
[EventRounds "9"]
[EventCountry "GER"]
[SourceTitle "EXT 2015"]
[Source "ChessBase"]
[SourceDate "2014.11.20"]
[SourceVersion "1"]
[SourceVersionDate "2014.11.20"]
[SourceQuality "1"]

1. Nf3 d5 2. g3 Nf6 3. Bg2 c6 4. d3 Nbd7 5. 0-0 e5 6. Nbd2 Bd6 7. e4 0-0 8. Re1 Re8 9. b3 Nf8 10. Bb2 Ng6 11. h3 h6 12. a4 a5 13. c3 Be6 14. exd5 Bxd5 15. c4 Bxf3 16. Qxf3 Bb4 17. Qe3 Qd6 18. Red1 Rad8 19. Ne4 Nxe4 20. Qxe4 Bc5 21. Bf1 Nf8 22. Bc3 Bd4 23. Bxd4 Qxd4 24. Qxd4 Rxd4 25. Re1 f6 26. f4 Nd7 27. fxe5 Nxe5 28. Kg2 Red8 29. Re3 Nxd3 30. Bxd3 Rxd3 31. Rae1 Rxe3 32. Rxe3 Kf7 33. h4 g6 34. Kf3 f5 35. g4 Kf6 36. gxf5 Kxf5 37. Kg3 Rd7 38. Kf3 g5 39. hxg5 hxg5 40. Kg3 g4 41. Kf2 Kf4 42. Ke2 Rh7 43. Re8 Rh3 44. Rf8+ Ke4 45. Rg8 Rh2+ 46. Kf1 Kf3 47. Rf8+ Kg3 48. Rf7 Rh1+ 49. Ke2 Kg2 50. Rxb7 g3 51. b4 Rb1 52. b5 cxb5 53. Rxb5 Rb4 54. Rxa5 Rxc4 55. Ra8 Re4+ 56. Kd3 Rh4 57. a5 Kh2 58. Re8 g2 59. Re2 Kh1 0-1

[Event "Unterfranken-ch M2 61th"]
[Site "Kitzingen"]
[Date "2010.04.06"]
[Round "3"]
[White "Volkamer, Klaus"]
[Black "Drewes, Thomas"]
[Result "1/2-1/2"]
[WhiteElo "1795"]
[BlackElo "1756"]
[PlyCount "43"]
[EventDate "2010.04.05"]
[EventType "swiss"]
[EventRounds "9"]
[EventCountry "GER"]
[SourceTitle "EXT 2015"]
[Source "ChessBase"]
[SourceDate "2014.11.20"]
[SourceVersion "1"]
[SourceVersionDate "2014.11.20"]
[SourceQuality "1"]

1. d4 d5 2. Nf3 Nf6 3. c4 c6 4. Nc3 e6 5. Bg5 h6 6. Bh4 dxc4 7. a4 Bb4 8. Bxf6 Qxf6 9. e3 b5 10. Be2 Nd7 11. 0-0 Bxc3 12. bxc3 Bb7 13. Qb1 Ba6 14. Qb4 bxa4 15. Rxa4 Bb5 16. Ra3 Qe7 17. Rb1 Qxb4 18. Rxb4 Ke7 19. Bxc4 a5 20. Rxb5 cxb5 21. Bxb5 f6 22. Nd2 1/2-1/2

[Event "Unterfranken-ch M2 60th"]
[Site "Obernau"]
[Date "2009.04.14"]
[Round "4"]
[White "Schmid, Herbert"]
[Black "Drewes, Thomas"]
[Result "1-0"]
[WhiteElo "1635"]
[BlackElo "1711"]
[PlyCount "95"]
[EventDate "2009.04.13"]
[EventType "swiss"]
[EventRounds "9"]
[EventCountry "GER"]
[SourceTitle "EXT 2015"]
[Source "ChessBase"]
[SourceDate "2014.11.20"]
[SourceVersion "1"]
[SourceVersionDate "2014.11.20"]
[SourceQuality "1"]

1. e4 e5 2. Nf3 d6 3. Bc4 Be7 4. Nc3 Nf6 5. 0-0 0-0 6. Re1 c6 7. a4 a5 8. Bb3 Na6 9. d4 exd4 10. Qxd4 Nc5 11. Ba2 Ne6 12. Qd1 Qc7 13. Bd2 Bd7 14. Qc1 Ng4 15. h3 Ne5 16. Nxe5 dxe5 17. Bb1 Nd4 18. Ne2 Be6 19. Nxd4 exd4 20. Bf4 Qb6 21. c3 dxc3 22. bxc3 Bc5 23. Be3 Rfd8 24. Bc2 Bxe3 25. Rxe3 Rd7 26. Rb1 Qc5 27. Qe1 b5 28. axb5 cxb5 29. Rb2 Bc4 30. Qb1 g6 31. e5 Re8 32. Qe1 Rde7 33. f4 f6 34. Kh2 fxe5 35. f5 gxf5 36. Bxf5 Rg7 37. Rg3 Qc7 38. Be4 a4 39. Bxh7+ Kf8 40. Rf2+ Bf7 41. Rxg7 Kxg7 42. Be4 Bg6 43. Bxg6 e4+ 44. Kh1 Kxg6 45. Qe3 Qd6 46. Rf4 Re6 47. Qg3+ Kh7 48. Rh4+ 1-0

[Event "Unterfranken-ch HA 59th"]
[Site "Rieneck"]
[Date "2008.03.29"]
[Round "9"]
[White "Oehrlein, Simon"]
[Black "Drewes, Thomas"]
[Result "1/2-1/2"]
[WhiteElo "1636"]
[BlackElo "1702"]
[PlyCount "46"]
[EventDate "2008.03.24"]
[EventType "swiss"]
[EventRounds "9"]
[EventCountry "GER"]
[SourceTitle "EXT 2015"]
[Source "ChessBase"]
[SourceDate "2014.11.20"]
[SourceVersion "1"]
[SourceVersionDate "2014.11.20"]
[SourceQuality "1"]

1. e4 d5 2. exd5 Qxd5 3. Nc3 Qa5 4. d4 Bf5 5. Qf3 Nc6 6. Bb5 Bd7 7. d5 Ne5 8. Bxd7+ Nxd7 9. Nge2 Ngf6 10. Bf4 g6 11. 0-0 Bg7 12. Rfe1 Nh5 13. Bg5 Ne5 14. Qe4 h6 15. Bd2 0-0-0 16. Rad1 f5 17. Qe3 Rhe8 18. Nd4 Nc4 19. Qe6+ Kb8 20. Nb3 Qb6 21. Qxb6 axb6 22. Bc1 g5 23. Nd4 Bxd4 1/2-1/2